000 00977nam a2200265Ia 4500
003 OSt
005 20220923211527.0
006 a|||||r|||| 00| 0
007 ta
008 220922b |||||||| |||| 00| 0 hin d
020 _a9789381467169 (hbk)
_c215
024 _a263,886
037 _b1861, 16/07/2012, Kiran Book Service
_cTextual
040 _aARTS
_cARTS
_bhin
041 _2hin
_ahin
082 _aO152,3NNA3,ES, Q2
100 _aनागदेव, नरेन्द्र
_9156292
245 0 _aएक स्विच था भोपाल में
246 _aEk svich thā bhopāl mean
260 _aनयी दिल्ली
_b किताबघर प्रकाशन
_c2012
300 _a139पृ.
_ccm.
650 _aहिन्दी साहित्य
_9156264
942 _hO152,3NNA3,ES, Q2
_cTEXL
_2CC
999 _c300440
_d300440